000 02171cad a22003015a 4500
001 L137108
008 011219s2007 xxk f 000 0 eng d
020 _a0717662234
_a9780717662234
035 _a(Sirsi) u137108
041 0 _aeng
050 0 4 _a690.22 $2 18
110 1 _aGreat Britain
_bHealth and Safety Commission
245 0 0 _aManaging health and safety in construction
_bConstruction (Design and Management) Regulations 2007
_bapproved code of practice
_h[electronic resource]
260 _aSudbury
_bHSE Books
_c2007
300 _av, 121p.
_c30cm
350 _a15
490 0 _aHSE Health and Safety Guidance
_vL144
505 2 _aIntroduction -- Clients -- The CDM co-ordinator (notifiable projects only) -- Designers -- The principal contractor (notifiable projects only) -- Contractors and the self-employed -- Competence and training -- Worker engagement and communication -- The health and safety file (notifiable projects only) -- Appendix one: Construction (Design and Management) Regulations 2007 -- Appendix two: pre-construction information -- Appendix three: construction phase plan -- Appendix four: competence -- Appendix five: guidance for assessing competence of a CDM co-ordinator -- Appendix six: development of competence: timeline for an unskilled construction worker -- Appendix seven: the principles of prevention
520 _aThis approved code of practice provides practical guidance on complying with the duties set out in the Construction (Design and Management) Regulations 2007 (CDM 2007). The principal aim of CDM 2007 is to integrate health and safety into the management of projects and to encourage all involved parties to work together.
520 _aSupersedes 2001 edition (ISBN 0717621391).
520 _aSUPERSEDED by 2015 edition (ISBN 9780717666263).
590 _aKA
650 2 4 _aCONSTRUCTION (DESIGN AND MANAGEMENT) REGULATIONS 2007
651 4 _aGreat Britain
_y1707-
690 _aBUILT ENVIRONMENT-CONSTRUCTION MANAGEMENT-CONSTRUCTION DESIGN AND MANAGEMENT
856 4 1 _uhttps://www.hse.gov.uk/pubns/priced/l144.pdf
_zView the code of practice free of charge (PDF file) at www.hse.gov.uk
942 _n0
999 _c106641
_d106641